000 01333nam a22004697a 4500
001 0010347
003 KOHA_MİRAKIL
005 20260207001740.0
007 ta
008 091106b2004 tu |||gr||||#||||0|tur |
020 _a9754047030
_c0,01
040 _aTR-BiSEU
_btur
_cTR-BiSEU
_erda
041 0 _atur
044 _ctu
050 _aSD407
_b.O76 2004
245 0 _aOrman Bakımı /
_cTolgay Odabaşı...[ve bşk.].
264 1 _aİstanbul :
_bİstanbul Üniversitesi
_c2004
300 _a192 sayfa; 21 cm.
336 _ametin
_btxt
_2rdacontent
337 _aaracısız
_bn
_2rdamedia
338 _acilt
_bnc
_2rdacarrier
490 1 _aİstanbul Üniversitesi Orman Fakültesi yayınları İ.Ü.
490 1 _aYayın ;
_vno.
490 1 _a4458.
490 1 _aO.
490 1 _aF.
490 1 _aYayın ;
_vno.
490 1 _a474.
500 _aKaynakça var.
650 0 _aForests and forestry.
_925387
650 0 _aTrees, Care of.
_925388
650 0 _aOrmanlar ve ormancılık.
_925389
650 0 _aAğaçlar, Bakım.
_925390
830 1 _aİstanbul Üniversitesi Orman Fakültesi yayınları İ.Ü.
_925391
830 1 _aYayın ;
_vno.
_91557
830 1 _a4458.
_925392
830 1 _aO.
_925393
830 1 _aF.
_918751
830 1 _aYayın ;
_vno.
_91557
830 1 _a474.
_96522
942 _2lcc
_cBK
999 _c10319
_d10319